Tvorba scenára pre jazdu vozidla na základe nameraných údajov
Salvato in:
| Autore principale: | |
|---|---|
| Altri autori: | |
| Natura: | Manoscritto Libro |
| Lingua: | slovacco |
| Pubblicazione: |
2023
|
| Soggetti: | |
| Accesso online: | http://is.stuba.sk/zp/portal_zp.pl?podrobnosti=163779 |
| Tags: |
Nessun Tag, puoi essere il primo ad aggiungerne!!
|
MARC
| LEADER | 00000ntm a22000003a 4500 | ||
|---|---|---|---|
| 001 | stuzp94798 | ||
| 003 | SK-STU | ||
| 005 | 20240327112928.6 | ||
| 007 | ta | ||
| 008 | 150427s2015----xo-----f-mn---000-0-slo-d | ||
| 040 | |a STU |b slo | ||
| 041 | 0 | |a slo | |
| 100 | 1 | |a Králik, Dávid |u 020030 |4 aut |U SjF Strojnícka fakulta |T SjF Ústav dopravnej techniky a konštruovania |X 111720 |U J0030 |Y 806 |7 111720 | |
| 242 | 0 | 1 | |a Creation of a scenario for vehicle driving based on measured data |y eng |
| 245 | 1 | 0 | |a Tvorba scenára pre jazdu vozidla na základe nameraných údajov |
| 260 | |c 2023 | ||
| 650 | 4 | |a jazdné scenáre |2 slo | |
| 650 | 4 | |a autonómne vozidlá |2 slo | |
| 650 | 4 | |a simulácia |2 slo | |
| 650 | 4 | |a asistenčné systémy |2 slo | |
| 650 | 4 | |a assistance systems |2 eng | |
| 650 | 4 | |a driving scenarios |2 eng | |
| 650 | 4 | |a autonomous vehicle |2 eng | |
| 650 | 4 | |a simulation |2 eng | |
| 700 | 1 | |a Magdolen, Ľuboš |u 020030 |k Z1 |4 ths |U SjF Strojnícka fakulta |T SjF Ústav dopravnej techniky a konštruovania |X 2362 |U J0030 |Y 806 |7 A00002362 | |
| 856 | 4 | |u http://is.stuba.sk/zp/portal_zp.pl?podrobnosti=163779 | |
| 996 | |b 284J047359 |c J* 3579/DBP |l JJSK |s A |a 24 |w stuzp94798_0001 | ||